Ricostruisci la Carriera del Calciatore - Igor Tudor - Statistics

Statistiche generali
  • Questo quiz è stato fatto 16 volte
  • Il punteggio medio è 5 su 7
Statistiche sulle risposte
Hint Risposta % Corretto
2005-2006 Siena
91%
1995 Hajduk Spalato
82%
1998-2005 Juventus
73%
1996 Trogir
73%
2006-2007 Juventus
64%
1996-1998 Hajduk Spalato
55%
2007-2008 Hajduk Spalato
18%
Nessun quiz corrispondente trovato
Distribuzione punteggi
Percentuale di utenti per punteggio
Percentile per numero di risposta
I tuoi punteggi nel tempo
Non hai fatto questo quiz